Statistiques concernant Trouver la nationalité (par rapport au compositeur)

Cliquez ici pour prendre le quiz!

Statistiques générales

  • Ce quiz a été pris 141 fois
  • Le résultat moyen est 17 sur 20

Statistiques - réponses

CompositeurNationalité% Correct
Jean-Sébastien BachAllemand
98%
Ludwig van BeethovenAllemand
95%
Claude DebussyFrançais
95%
Antonio VivaldiItalien
92%
Wolfgang Amadeus MozartAutrichien
91%
Giuseppe VerdiItalien
91%
Hector BerliozFrançais
89%
Richard WagnerAllemand
88%
Piotr Ilitch TchaïkovskiRusse
88%
Igor StravinskyRusse
86%
Johannes BrahmsAllemand
85%
Georg Friedrich HaendelAllemand
84%
Robert SchumannAllemand
83%
Franz SchubertAutrichien
76%
Frédéric ChopinPolonais
74%
Felix MendelssohnAllemand
71%
Joseph HaydnAutrichien
71%
Gustav MahlerAutrichien
67%
Antonin DvorakTchèque
65%
Franz LisztHongrois
62%

Distribution des résultats

Percentile par nombre de réponses

% des personnes avec chaque résultat

Votre développement - résultats

Vous n’avez pas pris ce quiz